En calavera (Record no. 10412)

MARC details
000 -CABECERA
campo de control de longitud fija 01046nam a2200265 a 4500
001 - NÚMERO DE CONTROL
campo de control BRL_1603
005 - FECHA Y HORA DE LA ÚLTIMA TRANSACCIÓN
campo de control 20190320211302.0
008 - DATOS DE LONGITUD FIJA--INFORMACIÓN GENERAL
campo de control de longitud fija 040116s1994----u--ao#####---#000-0#eng-#
020 ## - NÚMERO INTERNACIONAL ESTÁNDAR DEL LIBRO
Número Internacional Estándar del Libro 0930741412
041 ## - CÓDIGO DE LENGUA
Código de lengua del texto/banda sonora o título independiente eng
044 ## - CÓDIGO DEL PAÍS DE LA ENTIDAD EDITORA/PRODUCTORA
Código MARC del país u
050 #4 - SIGNATURA TOPOGRÁFICA DE LA BIBLIOTECA DEL CONGRESO
Número de clasificación NK8555.5.M64
Número de documento/Ítem .M37 1994
100 1# - ENTRADA PRINCIPAL--NOMBRE DE PERSONA
Nombre de persona Masuoka, Susan N.
Fechas asociadas al nombre 1949-
Forma completa/desarrollada del nombre (Susan Naomi)
9 (RLIN) 27412
245 10 - MENCIÓN DE TÍTULO
Título En calavera
Resto del título the papier-mâché art of the linares family
Mención de responsabilidad, etc. Susan N. Masuoka.
260 ## - PUBLICACIÓN, DISTRIBUCIÓN, ETC.
Lugar de publicación, distribución, etc. Los Angeles, California
Nombre del editor, distribuidor, etc. Fowler Museum of Cultural History
Fecha de publicación, distribución, etc. 1994
300 ## - DESCRIPCIÓN FÍSICA
Extensión xvii, 157 p.
Otras características físicas il., fotografías ( a color)
Dimensiones 25 cm.
500 ## - NOTA GENERAL
Nota general Au881
500 ## - NOTA GENERAL
Nota general Catálogo de la exposición celebrada en el Museo Fowler de Historia Cultural , Los Ángeles, noviembre 1994 - noviembre 1995
504 ## - NOTA DE BIBLIOGRAFÍA, ETC.
Nota de bibliografía, etc. Bibliografía: p. 154 - 157
600 14 - PUNTO DE ACCESO ADICIONAL DE MATERIA--NOMBRE DE PERSONA
Nombre de persona Familia Linares
Subdivisión de forma Exposiciones
9 (RLIN) 27413
650 14 - PUNTO DE ACCESO ADICIONAL DE MATERIA--TÉRMINO DE MATERIA
Término de materia o nombre geográfico como elemento de entrada Papel maché
Subdivisión de forma Exposiciones
Subdivisión general Historia
Subdivisión cronológica Siglo XX
Subdivisión geográfica México
9 (RLIN) 27414
710 2# - PUNTO DE ACCESO ADICIONAL--NOMBRE DE ENTIDAD CORPORATIVA
Nombre de entidad corporativa o nombre de jurisdicción como elemento de entrada University of California, Los Angeles
Unidad subordinada Fowler Museum of Cultural History
9 (RLIN) 27415
902 ## - CATALOGADOR
Iniciales GRL
942 ## - ELEMENTOS DE PUNTO DE ACCESO ADICIONAL (KOHA)
Fuente del sistema de clasificación o colocación Library of Congress Classification
Tipo de ítem Koha Libros
Holdings
Estado de retiro Estado de pérdida Estado dañado No para préstamo Localización permanente Ubicación/localización actual Fecha de adquisición Número de inventario Total de préstamos Signatura topográfica completa Código de barras Fecha visto por última vez Precio válido a partir de Tipo de ítem Koha
El ejemplar forma parte de la colección y puede ser consultado según las políticas vigentes.       Biblioteca Centro de Estudios Ruth D. Lechuga Biblioteca Centro de Estudios Ruth D. Lechuga 10/04/2014 Au881   NK8555.5.M64 .M37 1994 (Au881) GRL01763 22/03/2019 22/03/2019 Libros